00361nam a22001217a 4500020001800000041000800018082001700026100002900043245010200072260002300174300000800197650003400205 a9788184656190 aENG a207.509bBAS aBasumatary, Shyam Kumar, aKeeping faith : an integrative model of Christian religious education in postcolonial perspective aDelhibISPCKc2017 a286 aPostcolonialismaIndia--Assam